|
|
|
|
| LEADER |
01161nam a22002537a 4500 |
| 001 |
29224 |
| 003 |
BD-DhAAL |
| 005 |
20150510113409.0 |
| 008 |
150510s2008 cc ||||| |||| 00| 0 chi d |
| 020 |
|
|
|a 9787107203619
|
| 040 |
|
|
|a BD-DhAAL
|c BD-DhAAL
|
| 082 |
|
|
|2 22
|a 495.1/321
|
| 100 |
|
|
|a 课程教材研究所编著;Ke cheng jiao cai yan jiu suo.
|9 10923
|
| 245 |
|
|
|a 汉语图画字典 = Chinese picture dictionary /
|c 课程教材研究所编著; Ke cheng jiao cai yan jiu suo.
|
| 246 |
|
|
|a Han yu tu hua zi dian = Chinese picture dictionary
|
| 260 |
|
|
|a 人民敎育出版社, Beijing :
|b Ren min jiao yu chu ban she,
|c 2008
|
| 300 |
|
|
|a 33, 304 p., xiii :
|b ill. (some col.) ;
|c 24 cm.
|
| 500 |
|
|
|a Previously published as: Chu ji Han yu tu hua zi dian.
|
| 541 |
|
|
|e 29224
|
| 650 |
|
|
|a Picture dictionaries, Chinese
|9 10924
|
| 852 |
|
|
|a Ayesha Abed Library
|b General Stacks
|
| 942 |
|
|
|2 ddc
|c BK
|
| 999 |
|
|
|c 34377
|d 34377
|
| 952 |
|
|
|0 0
|1 0
|2 ddc
|4 0
|6 495_132100000000000_KEC
|7 0
|9 53675
|a BRACUL
|b BRACUL
|c GEN
|d 2015-05-10
|e BRAC Institute of Language
|l 1
|m 2
|o 495.1321 KEC
|p 3010029224
|r 2026-03-29
|s 2026-03-02
|t 1
|w 2015-05-10
|y BK
|x Transferred from BIL to BRACUL on 06/06/22
|